000 00460nam a2200181Ia 4500
001 10730
008 140331s9999 xx 000 0 und d
020 _a0-06-017528-1
040 _cPK-LaUMT
082 _a 291.44
_bDYE-M
100 _aDyer, Wayne W.
245 _aManifest your destiny : The nine spiritual principles for ge
_cDyer, Wayne W.
260 _c1997
300 _a171 p.
546 _aEN
650 _aSuccess-Religious aspects
942 _cBK
999 _c11691
_d11691